Nazwij pasujące miasto #1 (Polska) - Statystyki

Ogólne statystyki
  • Ten quiz został rozwiązany 34 razy
  • Średni wynik to 10 z 15
Statystyki odpowiedzi
Opis Miasto % Poprawnych
Słynie z pierników Toruń
93%
Rynek Główny i Smok ____ Kraków
90%
Słynie z rogali świętomarcińskich i koziołków ______ Poznań
90%
miasto z portem morskim które jednak nie leży bezpośrednio nad morzem Szczecin
83%
Festiwal Polskiej Piosenki Opole
79%
Po II wojnie światowej miasto było praktycznie zrównane z ziemią Warszawa
79%
Słynie z krasnali rozstawionych po całym mieście Wrocław
79%
Miasto otoczone Górami Świętokrzyskimi Kielce
76%
fontanna Neptuna i Westerplatte Gdańsk
72%
Nazywane "perłą renesansu" Zamość
69%
Słynie z długich i mroźnych zim Suwałki
66%
Pomnik Powstańców _____ Katowice
52%
Słynie z legendy o Czarciej Łapie Lublin
28%
Mieszkał tam Mikołaj Kopernik Olsztyn
28%
Miasto położone na siedmiu wzgórzach nad Wartą Gorzów Wielkopolski
17%
Nie znaleziono quizów pasujących do podanych kryteriów
Rozkład punktacji
Procent ludzi z każdym wynikiem
Percentyl według liczby udzielonych odpowiedzi
Twoja historia wyników
Nie rozwiązałeś tego quizu